[Event "1st Fischer Memorial 2017"]
[Site "Heraklion"]
[Date "2017.04.19"]
[Round "4"]
[White "Goumas, Georgios"]
[Black "Gungl, Theo"]
[Result "1-0"]
[WhiteElo "2407"]
[BlackElo "2269"]
[Annotator "TA"]
[PlyCount "105"]
[EventDate "2017.??.??"]
[EventType "tourn"]
[EventCountry "GRE"]
[SourceTitle "playchess.com"]
[Source "ChessBase"]
[SourceQuality "1"]

{[%evp 17,105,-15,31,10,40,44,55,46,69,57,49,60,48,0,7,-37,-27,-33,0,-10,57,29,8,16,16,-39,-38,-46,-39,-104,-97,-54,-63,-109,-12,-33,53,54,53,54,53,51,69,59,207,201,449,440,432,186,393,390,382,383,383,383,379,378,373,367,356,238,450,399,566,558,549,529,603,609,627,602,642,638,630,614,596,612,29978,29979,29979,29980,29980,29981,29982,29983,29983,29984,29984,29984]} 1. e4 c5 2. Nf3 d6 3. d4 cxd4 4. Nxd4 Nf6 5. Nc3 a6 6. Nb3 e6 {B90: Sicilian Najdorf: Unusual White 6th moves, 6 Be3 Ng4 and 6 Be3 e5} 7. g4 b5 8. Bg2 Bb7 9. g5 Nfd7 {LiveBook: 7 Games} 10. O-O $146 (10. f4 h6 11. h4 hxg5 12. hxg5 Rxh1+ 13. Bxh1 b4 14. Ne2 {½-½ (30) Smirin,I (2670)-Jumabayev,R (2611) Moscow 2017}) 10... Qc7 11. f4 {[%cal Bf2f4,Bf4f5][%mdl 32]} Nc6 12. f5 Nde5 13. Qh5 {Strongly threatening fxe6.} g6 14. Qh3 Bc8 15. fxe6 Bxe6 16. Qg3 Bg7 17. Nd5 Qb7 18. c3 Rc8 (18... Bxd5 $11 19. exd5 Ne7) 19. Bf4 Bxd5 20. exd5 Ne7 21. Nd2 ({White should try} 21. Nd4 $11) 21... Nf5 $15 (21... Nxd5 $2 22. Kh1 $18) 22. Qf2 h6 {aiming for ...hxg5.} 23. gxh6 ({Only move:} 23. Be4 $1 $15) 23... Bxh6 $17 24. Bxh6 Rxh6 25. Ne4 Kd7 (25... Qe7 $17 {White must now prevent ...Rxh2!} 26. a4 b4) 26. Ng3 Nxg3 {[#]} (26... Rg8 $15) 27. Qxf7+ $1 $14 {[%mdl 512]} Nxf7 28. Rxf7+ Kd8 $1 29. Rxb7 Ne2+ 30. Kf1 Rxh2 (30... Nf4 $1 $14) 31. Re1 $18 Nf4 $2 {[#]} (31... Ng3+ {is a better defense.} 32. Kg1 Rh8) 32. Ree7 $1 {[%csl Ge7][%cal Rb7d7]} Rc4 33. Rg7 ({Don't do} 33. Rbd7+ Kc8 34. Ra7 Kb8 35. Reb7+ Kc8 $18) (33. Rf7 $142 {[%cal Rf7f8]} Kc8 34. Ra7) 33... Kc8 $2 (33... Rh8 34. Rbd7+ Kc8 35. Rxd6 Rc7 36. Rxc7+ (36. Rxa6 Rxg7 37. Ra8+ Kc7 38. Rxh8 Nxg2 $16) 36... Kxc7 37. Rxa6 Rf8) 34. Rbf7 {[%cal Rg7g8]} Rh8 35. b3 Nxg2 36. bxc4 {[%mdl 4096] Endgame KRR-KRN} Ne3+ 37. Ke2 Nxc4 38. Re7 Kb8 39. Rxg6 Rh2+ $2 (39... Nb6 40. Kd3 (40. Rxd6 Nc8 41. Rde6 Nxe7 42. Rxe7 Rh5 $11) 40... Nxd5) 40. Ke1 {[%cal Rg6g8]} Rh1+ {[#]} (40... Rh8 $142 41. Rgg7 Na5) 41. Kf2 $1 {[%cal Rg6g8]} Rh8 42. Rgg7 Kc8 43. Kg3 Rf8 44. Kh4 Kb8 45. Kg5 Kc8 46. Kg6 Ne5+ 47. Kh7 Nc4 48. Rc7+ {White mates.} Kb8 49. Rxc4 bxc4 50. Rg8 Rxg8 51. Kxg8 Kc7 52. Kf7 Kb6 53. Ke7 1-0

[Event "1st Fischer Memorial 2017"]
[Site "Heraklion"]
[Date "2017.04.19"]
[Round "4"]
[White "Pavlidis, Anastasios"]
[Black "Mitsis, Georgios"]
[Result "1-0"]
[WhiteElo "2380"]
[BlackElo "2239"]
[Annotator "TA"]
[PlyCount "99"]
[EventDate "2017.??.??"]
[EventType "tourn"]
[EventCountry "GRE"]
[SourceTitle "playchess.com"]
[Source "ChessBase"]
[SourceQuality "1"]

{[%evp 9,99,13,47,-8,4,-6,0,-15,-10,-27,0,0,0,-13,0,0,0,-1,8,-22,-15,-38,-18,-21,-16,-32,0,-20,-5,-15,0,-54,-13,-50,-37,-86,20,29,70,82,76,70,70,83,577,260,257,252,247,233,235,249,281,264,277,217,212,212,206,183,193,193,190,183,176,166,207,207,216,213,320,331,480,477,450,468,457,446,491,452,410,437,474,508,449,393,517,512,618,618,586,576]} 1. d4 Nf6 2. c4 e6 3. Nf3 Bb4+ 4. Nbd2 O-O 5. a3 Be7 6. b4 {E11: Bogo-Indian} ({White should try} 6. e4 $14) (6. e4 d6 7. Bd3 Nbd7 8. b4 e5 9. d5 a5 10. Rb1 axb4 11. axb4 c6 12. O-O cxd5 13. cxd5 Nb6 14. Nb3 Nbxd5 15. exd5 {0-1 (48) Nakamura,H (2779)-Caruana,F (2823) Saint Louis 2016}) 6... a5 $11 7. b5 c5 8. dxc5 {The position is equal.} Bxc5 9. e3 b6 10. Bb2 Bb7 11. Bd3 Be7 $146 (11... d6 12. Qc2 Nbd7 13. g4 g6 {½-½ (70) Granda Zuniga,J (2644)-Delgado Ramirez,N (2615) Antofagasta 2017}) 12. O-O d6 13. Nd4 Nbd7 14. Rc1 Rc8 15. Bb1 Rc7 16. Qe2 Qa8 17. e4 Nc5 {[%cal Rf6e4]} 18. Rfe1 Re8 19. Rcd1 Bf8 20. e5 (20. N4b3 $11) 20... dxe5 $15 21. Qxe5 Rd7 22. Qg3 {White wants to play Nc6.} Qb8 (22... Red8 $17 23. Qf4 Bxg2) 23. Qh4 $36 {[%mdl 2048] Black is under pressure.} e5 24. Nc6 Bxc6 25. bxc6 Rd6 26. f4 $1 {[%cal Rf4e5,Bf2f4,Bf4f5][%mdl 32]} Rd4 $2 {[%mdl 8192]} (26... e4 $16 {is more resistant.}) 27. Bxd4 (27. c7 $142 Qxc7 28. Bxd4 exd4 29. Rxe8) 27... exd4 $18 28. Nf3 Rxe1+ 29. Qxe1 Ne6 30. f5 ({Stronger than} 30. Nxd4 Bc5 31. Qf2 Nxd4 32. Rxd4 Ng4 $17) 30... Nd8 31. Nxd4 Bc5 {[#] Threatens to win with ...Nxc6.} 32. Kh1 Bxd4 33. Rxd4 Nxc6 34. Rd2 ({Don't do} 34. Rh4 $6 Qd6 $16) 34... h6 35. Qg3 {[#] Qxb8+ is the strong threat.} Qe8 36. Bc2 Qe7 37. Rd1 Qc5 38. h3 Qxc4 39. Bb3 Qc5 (39... Qb5 $142 40. Rc1 h5) 40. Qc7 Ne5 (40... Ne7 {was called for.} 41. Rd8+ Kh7 42. Qxc5 bxc5) 41. Rd8+ Kh7 42. Qxc5 bxc5 {[%mdl 4096] Endgame KRB-KNN} 43. Rc8 Ne4 44. Bc2 Nf2+ 45. Kg1 Nfd3 46. Bxd3 Nxd3 47. g4 {[%cal Bg2g4,Bg4f5][%mdl 32]} g6 48. Kf1 {White is clearly winning.} gxf5 49. gxf5 Kg7 50. Ke2 1-0

[Event "1st Fischer Memorial 2017"]
[Site "Heraklion"]
[Date "2017.04.19"]
[Round "4"]
[White "Migot, Tangi"]
[Black "Postny, Evgeny"]
[Result "1-0"]
[WhiteElo "2355"]
[BlackElo "2606"]
[Annotator "TA"]
[PlyCount "113"]
[EventDate "2017.??.??"]
[EventType "tourn"]
[EventCountry "GRE"]
[SourceTitle "playchess.com"]
[Source "ChessBase"]
[SourceQuality "1"]

{[%evp 18,113,20,0,23,16,27,22,29,33,25,9,35,34,35,27,33,29,28,26,24,27,37,23,42,20,49,49,55,45,45,50,67,53,47,44,141,134,537,539,495,305,300,303,296,302,302,297,246,164,148,174,158,170,306,308,297,314,385,383,588,581,581,581,572,522,806,943,820,795,754,677,250,250,2687,1653,1453,1249,5105,5105,5097,5088,4954,3744,1640,1210,29967,29964,29980,29980,29981,29982,29982,29982,29982,29983,29984,29985]} 1. e4 e5 2. Nf3 Nc6 3. Nc3 Nf6 4. d4 exd4 5. Nxd4 Bb4 6. Nxc6 bxc6 7. Bd3 O-O 8. O-O Re8 9. Qf3 h6 10. h3 {LiveBook: 3 Games} d6 {C47: Scotch Four Knights and Four Knights with 4 g3} (10... Bxc3 11. bxc3 d6 12. Re1 Nd7 13. Qg3 Qf6 14. Bd2 Rb8 15. Kh2 Ne5 16. f4 Nxd3 17. cxd3 Rb2 18. Re2 {0-1 (36) Godena,M (2513)-Jumabayev,R (2606) Berlin 2015}) 11. Bd2 Rb8 $146 (11... a5 12. Rfe1 Ba6 13. a3 Bc5 14. Bxa6 Rxa6 15. Rad1 Ra8 16. Bf4 Nd7 17. Qg3 Kh8 18. Na4 {½-½ (26) Bujisho,S (1820)-Martin,L (1840) Hyeres 2002}) 12. Rae1 Ba5 {The position is equal.} 13. b3 Bb4 14. Nb1 {[%cal Bc3b1,Bb1d2,Bd2f3][%mdl 32]} Bxd2 15. Nxd2 Nd7 16. Qe3 Qg5 17. f4 Qc5 18. Nf3 Qxe3+ 19. Rxe3 Nc5 20. Rfe1 Bd7 21. Kf2 Rb4 22. Bc4 a5 23. g4 Be6 24. a3 Rb6 25. Bxe6 fxe6 26. f5 Nd7 (26... Kf7 $14) 27. e5 $16 exf5 $2 {[%mdl 8192]} (27... d5 $16) 28. exd6 $1 $18 ({And not} 28. gxf5 dxe5 29. a4 (29. Nxe5 Rxe5 30. Rxe5 Nxe5 31. Rxe5 Rb5 32. Rxb5 cxb5 $11) 29... c5 $14) 28... Rf8 29. dxc7 Rb7 30. Re7 Rxc7 31. g5 Rfc8 32. gxh6 Nf6 {With the idea ...Ne4+.} 33. Rxg7+ Rxg7 34. hxg7 {[%mdl 4096] Endgame KRN-KRN} Ne4+ 35. Ke3 a4 (35... Kxg7 {was called for.} 36. Nd4 Kf6) 36. Rg1 ({Much less strong is} 36. bxa4 $6 Kxg7 37. h4 Ra8 $16) 36... axb3 37. cxb3 c5 38. Nh4 ({But not} 38. Kf4 Nf2 39. Ng5 Ra8 40. Kxf5 Ra5) 38... Re8 (38... Nd6 {was necessary.} 39. Rg6 Re8+ 40. Kf3 Nf7) 39. Nxf5 Ng3+ {[#]} 40. Kf4 $1 Ne2+ {[#]} 41. Kg5 $1 Nxg1 42. Kf6 Ne2 43. Nh6+ Kh7 44. g8=Q+ Rxg8 45. Nxg8 {KN-KN} Nc1 $2 (45... Kxg8 46. a4 Kf8) 46. Ne7 Nxb3 47. Ke5 c4 48. Nd5 Kg6 49. Nc3 Kg5 50. Kd5 Na5 51. Kc5 Kh4 52. Kb5 {White mates.} Nb7 53. a4 {[%cal Ba3a4,Ba4a5][%mdl 32]} Kxh3 54. Kb6 Nd6 55. Kc6 Nc8 56. Kc7 Ne7 57. a5 1-0

[Event "1st Fischer Memorial 2017"]
[Site "Heraklion"]
[Date "2017.04.20"]
[Round "5"]
[White "Postny, Evgeny"]
[Black "Ristic, Nenad"]
[Result "1-0"]
[WhiteElo "2606"]
[BlackElo "2414"]
[Annotator "TA"]
[PlyCount "63"]
[EventDate "2017.??.??"]
[EventType "tourn"]
[EventCountry "GRE"]
[SourceTitle "playchess.com"]
[Source "ChessBase"]
[SourceQuality "1"]

{[%evp 16,63,28,14,70,68,72,66,62,61,46,43,79,73,72,63,114,78,89,83,106,122,180,167,247,96,84,110,598,569,802,806,799,777,751,698,725,696,971,674,845,760,1025,959,945,944,29989,29986,29990,29991]} 1. d4 Nf6 2. c4 c5 3. d5 b5 4. cxb5 a6 5. e3 g6 6. Nc3 Bg7 7. Nf3 O-O 8. a4 Bb7 9. Be2 e6 {A57: Benko/Volga Gambit} ({Black should play} 9... axb5 $11 10. Bxb5 e6) (9... axb5 10. Bxb5 e6 11. e4 exd5 12. exd5 Re8+ 13. Be3 Ng4 14. O-O Nxe3 15. fxe3 Rxe3 16. Qd2 Re8 17. Kh1 h6 18. Rae1 Rxe1 19. Rxe1 {1-0 (43) Fier,A (2628)-Rambaldi,F (2513) Biel 2015}) 10. dxe6 $14 fxe6 11. O-O axb5 {White is slightly better.} 12. Nxb5 d5 13. Qc2 $146 (13. b3 e5 14. Nxe5 Ng4 15. Nxg4 Bxa1 16. Ba3 Bg7 17. Bxc5 Rf7 18. Nd6 Rd7 19. Nxb7 Rxb7 20. Bf3 Rd7 21. Bd4 {1-0 (21) Bartolini,T (2110)-Schacher,G Rimini 1993}) 13... Ne4 14. Nd2 Nxd2 15. Bxd2 Nd7 (15... Qe7 $14) 16. Bg4 Ra6 17. Bc3 d4 18. exd4 {Black must now prevent Qe2.} cxd4 (18... Nf6 $16) 19. Bxd4 $18 Rf4 (19... Ne5 $142) 20. Qd1 $2 {[#]} (20. Bxg7 $18 {is the precise move to win.} Rxg4 21. f3 Qb6+ 22. Rf2 Bxf3 23. Bd4) 20... Bxd4 $16 21. Nxd4 Qg5 $2 {[%mdl 8192]} (21... Nc5 $16 22. Nb5 (22. Nxe6 Qxd1 23. Rfxd1 Nxe6 24. Bxe6+ Rxe6 $17) 22... Qxd1 23. Bxd1 Rb4) 22. Nxe6 $18 Rxe6 23. Bxe6+ Kh8 24. Bh3 Ne5 25. Ra3 Nf3+ 26. Kh1 Rd4 27. Qe2 ({Less strong is} 27. gxf3 Rxd1 28. Rxd1 Qh4 $18) 27... Nh4 {[%cal Rb7g2]} 28. Rg3 Qd5 29. Qe8+ Kg7 30. Qe7+ Kh6 31. Qf8+ Kh5 32. f4 1-0

[Event "1st Fischer Memorial 2017"]
[Site "Heraklion"]
[Date "2017.04.20"]
[Round "5"]
[White "Theodorou, Nikolas"]
[Black "Kapnisis, Spyridon"]
[Result "1/2-1/2"]
[WhiteElo "2487"]
[BlackElo "2451"]
[Annotator "TA"]
[PlyCount "118"]
[EventDate "2017.??.??"]
[EventType "tourn"]
[EventCountry "GRE"]
[SourceTitle "playchess.com"]
[Source "ChessBase"]
[SourceQuality "1"]

{[%evp 15,118,-16,-16,-18,-13,-24,-6,4,0,0,3,-15,-14,-14,-11,-14,-18,-20,-18,-64,-41,-74,-79,-61,-71,-57,-53,-76,-84,-84,-66,-69,-69,-69,-71,-160,-160,-161,-159,-177,-151,-159,-160,-184,-180,-187,-182,-183,-180,-174,-97,-89,-67,-61,-60,-186,-195,-195,-175,-183,-170,-169,-68,-68,-68,-68,-68,-68,-68,-68,-68,-152,-152,-152,-116,-116,-115,-115,-68,-68,-68,-68,-68,-68,-68,-68,-68,-68,-68,-68,-68,-68,-68,-68,-68,-72,-72,-72,0,0,0,-8,0,0,0]} 1. e4 c5 2. Nf3 e6 3. g3 Nc6 4. Bg2 Nf6 5. Qe2 {B40: Sicilian: 2...e6, Unusual lines} e5 6. O-O Be7 7. c3 O-O 8. Rd1 (8. d3 Re8 9. a4 Bf8 10. Na3 d5 11. exd5 Nxd5 12. Nc4 f6 {0-1 (58) Andriasian,Z (2621)-Ponomariov,R (2709) Tallinn 2016}) 8... Re8 {LiveBook: 8 Games} 9. Na3 Bf8 10. d3 h6 11. Nc4 $146 (11. Nh4 d5 12. Nf5 d4 {0-1 (67) Bocharov,I (2517)-Pridorozhni,A (2552) Kolomna 2016}) 11... d6 12. a3 Be6 13. Ne3 d5 14. c4 dxe4 15. dxe4 Nd4 16. Qd3 Bd7 17. Rb1 a5 18. b3 {[%cal Rf3d4]} b5 $1 19. cxb5 Bxb5 20. Nc4 Rb8 21. a4 Bxc4 22. Qxc4 Rb4 23. Qf1 $1 Nxe4 24. Nxd4 exd4 25. Bxe4 (25. Bd2 $142) 25... Rxe4 $17 26. Bd2 Rb8 $36 {[%mdl 2048] White is under strong pressure.} 27. Qa6 Ra8 28. Qc4 Qb6 29. Re1 Rxe1+ 30. Rxe1 Rb8 31. Rb1 g6 32. Bf4 Rd8 ({Black should try} 32... Rb7 $19 33. Qd5 Re7) 33. Qb5 Qxb5 34. axb5 {[%mdl 4096] Endgame KRB-KRB} Bd6 35. Ra1 ({White has to play} 35. Bxd6 $15 Rxd6 36. Ra1) 35... Bxf4 $19 36. gxf4 {KR-KR} d3 $1 {[%cal Bd4d3,Bd3d2][%mdl 32]} 37. Kf1 Rd4 $1 38. Ra4 {[#] aiming for Rxd4.} Rd7 (38... c4 $1 $19 {[%mdl 512] ...d2 is the strong threat.} 39. Rxc4 Rd5) 39. Ke1 $15 d2+ $1 40. Kd1 Rd3 41. Rxa5 {And now b4! would win.} Rxb3 42. Kxd2 Kg7 43. b6 (43. Ke2 $15) 43... Rxb6 $17 44. Rxc5 Rb3 45. h4 Rf3 46. h5 Rxf2+ 47. Ke3 Rf1 48. hxg6 fxg6 49. Ke4 h5 50. Rc7+ Kh6 51. Rc8 Ra1 52. Rb8 Ra4+ 53. Kf3 Ra6 54. Rc8 Kg7 55. Rb8 Ra3+ 56. Kg2 h4 (56... Kf6 $17 57. Rf8+ Ke7) 57. Rc8 $11 {The position is equal.} Rg3+ 58. Kf2 Kf6 59. Rh8 Rg4 1/2-1/2

[Event "1st Fischer Memorial 2017"]
[Site "Heraklion"]
[Date "2017.04.20"]
[Round "5"]
[White "Kourkoulos-Arditis, Stamatis"]
[Black "Pavlidis, Anastasios"]
[Result "0-1"]
[WhiteElo "2365"]
[BlackElo "2380"]
[Annotator "NA"]
[PlyCount "80"]
[EventDate "2017.??.??"]
[EventType "tourn"]
[EventCountry "GRE"]
[SourceTitle "playchess.com"]
[Source "ChessBase"]
[SourceQuality "1"]
[TimeControl "40/5400+30:1800+30"]

1. e4 {[%emt 0:00:00]} c5 {[%emt 0:00:14]} 2. Nf3 {[%emt 0:00:00]} d6 {[%emt 0:00:20]} 3. d4 {[%emt 0:00:00]} cxd4 {[%emt 0:00:07]} 4. Nxd4 {[%emt 0:00:00]} Nf6 {[%emt 0:00:13]} 5. Nc3 {[%emt 0:00:00]} g6 {[%emt 0:01:09]} 6. Be3 {[%emt 0:00:00]} Bg7 {[%emt 0:00:06]} 7. f3 {[%emt 0:00:00]} Nc6 {[%emt 0:00:13] LiveBook: 3677 Games} 8. Qd2 {[%emt 0:00:03]} O-O {[%emt 0:00:13]} 9. Bc4 {[%emt 0:00:05]} Bd7 {[%emt 0:00:29]} 10. O-O-O {[%emt 0:00:08]} Ne5 {[%emt 0:00:38]} 11. Bb3 {[%emt 0:00:08]} Rc8 {[%emt 0:01:41]} 12. Kb1 {[%emt 0:00:10]} Re8 {[%emt 0:00:35]} 13. h4 {[%emt 0:01:24]} h5 {[%emt 0:00:12]} 14. g4 {[%emt 0:00:22]} hxg4 {[%emt 0:00:15]} 15. h5 {[%emt 0:00:21]} Nxh5 {[%emt 0:00:51]} 16. Bh6 {[%emt 0:00:07]} Kh7 {[%emt 0:00:36]} ({Don't go for} 16... gxf3 $2 {[#]} 17. Rxh5 $1 {[%mdl 512]} Bf6 18. Rhh1 $18) ({Don't take} 16... Nxf3 $2 17. Nxf3 Bxc3 18. bxc3 $18) (16... e6 $11) 17. Bxg7 {[%emt 0:00:20]} Kxg7 {[%emt 0:00:11]} 18. fxg4 {[%emt 0:00:19]} Bxg4 {[%emt 0:00:09]} 19. Nf5+ {[%emt 0:00:18]} Bxf5 {[%emt 0:00:15]} ({Don't capture} 19... gxf5 $2 20. Qg5+ Ng6 21. exf5 Bxf5 22. Rxh5 $18) 20. exf5 {[%emt 0:00:06]} Rh8 {[%emt 0:00:35]} 21. fxg6 {[%emt 0:00:04]} Nxg6 {[%emt 0:00:37]} ({But not} 21... fxg6 $2 22. Ne4 $18) 22. Nd5 {[%emt 0:00:57]} Nf6 {[%emt 0:02:57]} 23. Nxf6 {[%emt 0:00:15]} exf6 {[%emt 0:00:23]} 24. Rxh8 {[%emt 0:01:16]} Qxh8 {[%emt 0:00:58]} 25. Qd5 {[%emt 0:00:12]} Rc7 {[%emt 0:13:59]} 26. Qxd6 {[%emt 0:10:10]} Re7 {[%emt 0:01:42]} 27. a3 {[%emt 0:14:21]} Qh4 {[%emt 0:04:36]} 28. Qd5 {[%emt 0:02:25]} Qe4 {[%emt 0:08:08]} 29. Qd8 {[%emt 0:11:39]} f5 {[%emt 0:07:57]} 30. Qc8 {[%emt 0:11:43]} f4 {[%emt 0:02:56]} 31. Bd5 {[%emt 0:00:33]} Qe2 {[%emt 0:07:13]} 32. Rh1 {[%emt 0:01:08]} b6 {[%emt 0:09:29]} 33. Ka2 {[%emt 0:07:45]} Qe5 {[%emt 0:10:29]} 34. c4 {[%emt 0:00:11]} Qf6 {[%emt 0:07:29]} 35. Rh2 $2 {[%emt 0:04:30]} (35. Qg4 $1 $11 {and White stays safe.}) 35... f3 {[%emt 0:01:34]} 36. Qg4 {[%emt 0:02:01]} ({Stronger than} 36. Qh3 Re2 37. Qh6+ Kg8 38. Qh7+ Kf8 39. Qxf7+ Qxf7) 36... f2 {[%emt 0:01:28]} 37. Bg2 {[%emt 0:01:08]} f1=Q {[%emt 0:02:44]} 38. Bxf1 {[%emt 0:00:03]} Qxf1 {[%emt 0:00:11]} 39. Qd4+ {[%emt 0:00:04]} Re5 {[%emt 0:00:45]} 40. Rf2 $19 {[%emt 0:00:00]} Qe1 {[%emt 0:01:04]} 0-1

[Event "1st Fischer Memorial 2017"]
[Site "Heraklion"]
[Date "2017.04.20"]
[Round "5"]
[White "Gungl, Theo"]
[Black "Migot, Tangi"]
[Result "1/2-1/2"]
[WhiteElo "2269"]
[BlackElo "2355"]
[Annotator "NA"]
[PlyCount "51"]
[EventDate "2017.??.??"]
[EventType "tourn"]
[EventCountry "GRE"]
[SourceTitle "playchess.com"]
[Source "ChessBase"]
[SourceQuality "1"]
[TimeControl "40/5400+30:1800+30"]

{[%evp 9,51,27,35,18,30,26,28,25,47,45,52,32767,47,3,22,32767,32767,16,24,-4,32767,32767,32767,32767,32767,32767,32767,32767,32767,0,32767,32767,6,32767,32767,32767,32767,32767,32767,32767,32767,32767,0,0]} 1. e4 {[%emt 0:00:00]} c5 {[%emt 0:00:33]} 2. Nf3 {[%emt 0:00:00]} e6 {[%emt 0:00:26]} 3. d4 {[%emt 0:00:00]} cxd4 {[%emt 0:00:05]} 4. Nxd4 {[%emt 0:00:00]} Nc6 {[%emt 0:00:07]} 5. Nc3 {[%emt 0:00:00]} Qc7 {[%emt 0:00:37]} 6. g3 {[%emt 0:00:20]} a6 {[%emt 0:01:03]} 7. Bg2 {[%emt 0:00:06]} Nf6 {[%emt 0:00:35]} 8. O-O {[%emt 0:00:13]} Nxd4 {[%emt 0:01:32]} 9. Qxd4 {[%emt 0:00:03]} Bc5 {[%emt 0:00:09]} 10. Bf4 {[%emt 0:00:26]} d6 {[%emt 0:00:33]} 11. Qd3 {[%emt 0:00:12]} Nd7 {[%emt 0:01:10]} 12. Na4 {[%emt 0:17:08] B47: Sicilian: Taimanov: 5 Nc3 Qc7 6 f4, 6 g3 and 6 Be2} e5 {[%emt 0:00:47]} 13. Bd2 {[%emt 0:01:14]} Bd4 {[%emt 0:01:13]} 14. Bc3 {[%emt 0:19:19] LiveBook: 4 Games} (14. Nc3 Nf6 15. Rac1 Be6 16. b3 Rc8 17. Nd1 h5 18. Be3 Bc5 19. Bxc5 Qxc5 {½-½ (47) Ivanov,A (2529)-Robson,R (2620) Saint Louis 2013}) 14... Nc5 {[%emt 0:32:20]} 15. Nxc5 {[%emt 0:00:15]} dxc5 $146 {[%emt 0:00:10]} (15... Bxc5 16. Rad1 Bg4 17. Rd2 O-O 18. b4 Ba7 19. Bb2 Rac8 {½-½ (50) Moradiabadi,E (2490)-Geller,J (2495) Moscow 2006}) 16. Bxd4 {[%emt 0:08:15]} cxd4 {[%emt 0:00:11]} 17. c3 {[%emt 0:00:06]} dxc3 {[%emt 0:04:09]} 18. Rac1 {[%emt 0:00:17]} Be6 {[%emt 0:00:32]} 19. Qxc3 {[%emt 0:10:22]} Qxc3 {[%emt 0:01:46]} 20. Rxc3 {[%emt 0:00:46]} Rc8 {[%emt 0:10:38]} 21. Rxc8+ {[%emt 0:07:19]} Bxc8 {[%emt 0:00:05]} 22. Rc1 {[%emt 0:00:10]} Kd8 {[%emt 0:00:28]} 23. f4 {[%emt 0:06:23]} Re8 {[%emt 0:03:40]} 24. Rc5 {[%emt 0:00:57]} f6 {[%emt 0:06:09]} 25. fxe5 {[%emt 0:05:31]} Rxe5 {[%emt 0:03:36]} 26. Rxe5 $11 {[%emt 0:00:13]} 1/2-1/2

[Event "1st Fischer Memorial 2017"]
[Site "Heraklion"]
[Date "2017.04.20"]
[Round "5"]
[White "Mitsis, Georgios"]
[Black "Goumas, Georgios"]
[Result "1/2-1/2"]
[WhiteElo "2239"]
[BlackElo "2407"]
[Annotator "TA"]
[PlyCount "136"]
[EventDate "2017.??.??"]
[EventType "tourn"]
[EventCountry "GRE"]
[SourceTitle "playchess.com"]
[Source "ChessBase"]
[SourceQuality "1"]

{[%evp 14,136,-7,-21,-8,-10,-9,-7,5,0,15,0,0,-11,0,0,15,8,5,7,13,0,7,-18,-12,-13,-9,-64,0,0,0,0,0,0,0,-9,0,-21,-6,-21,0,-35,0,0,33,0,0,0,0,-37,-28,-41,-45,-33,-23,-60,-31,-120,-115,-136,-122,-112,-112,-118,-112,-132,-129,-133,-138,-192,-182,-197,-149,-190,-91,-105,-94,-94,-98,-101,-112,-102,-66,-78,0,-78,-78,-81,-81,-81,-39,-99,-102,-115,-99,-129,-130,-147,-99,-98,-79,-79,-79,-79,-79,-79,-70,-79,-79,-79,-79,-79,-79,-79,-79,-98,-91,-98,-79,-79,0,0,0,0,8]} 1. d4 Nf6 2. Nf3 d5 3. Bf4 c5 4. e3 Nc6 5. c3 Qb6 6. Qc1 Bf5 7. Be2 e6 {D02: 1 d4 d5 2 Nf3 sidelines, including 2...Nf6 3 g3 and 2...Nf6 3 Bf4} 8. Nbd2 {LiveBook: 14 Games} cxd4 (8... Be7 9. a4 c4 10. O-O O-O 11. Nh4 Be4 12. Nxe4 Nxe4 {0-1 (43) Sivuk,V (2532)-Sargissian,G (2689) Gjakova 2016}) 9. exd4 h6 10. O-O Be7 (10... Rc8 $5 {is more complex.} 11. h3 Be7 12. Bd1 O-O 13. Nb3 Be4) 11. Ne5 Nxe5 $146 (11... O-O $5 {seems wilder.} 12. a4 a5 13. Ndf3 Rfc8 14. Re1 Ne4) (11... O-O 12. Ndf3 Rac8 13. a3 a5 {1-0 (84) Wunderer,E (2196)-Moeckel,E (1997) Bad Woerishofen 2003}) 12. Bxe5 (12. dxe5 $5 {creates asymmetry.} Nd7 13. Nf3 a6 14. a4 Nc5 15. a5) 12... O-O 13. Nf3 Rfc8 14. Bf4 Nd7 15. h3 Bd6 16. Bxd6 Qxd6 17. Qd1 (17. a4 $5 {looks sharper.} Nf8 18. Qe3 Qb6 19. Ra2 Qc7 20. Bd3) 17... Rab8 18. Bd3 Bxd3 19. Qxd3 b5 20. b4 (20. Rac1 $11) 20... Rc6 (20... Qc7 $15 21. Rfc1 a5) 21. a4 $11 Rbc8 22. Rfc1 bxa4 23. Rxa4 Qc7 24. b5 Rc4 (24... Rxc3 $6 25. Qxc3 Qxc3 26. Rxc3 Rxc3 27. Rxa7 $16) 25. Rxc4 dxc4 26. Qc2 Rb8 27. Rb1 Qa5 28. Rb4 ({But not} 28. Qb2 a6 $17) 28... Rc8 29. Ra4 Qxb5 30. Rxa7 Rb8 31. Qa4 Qxa4 32. Rxa4 $15 {[%mdl 4096] Endgame KRN-KRN} Rb1+ 33. Kh2 Nb6 34. Ra7 Rb3 35. Rc7 (35. Ne5 $15) 35... Rxc3 $17 36. Rc6 Nd5 37. Ne5 Rc2 38. Rxc4 Rxf2 39. Kg3 Rf1 40. Rc8+ Kh7 41. Rf8 (41. Rc6 $17) 41... f6 $19 42. Nd7 Nf4 43. Re8 Ne2+ (43... h5 $19 {has better winning chances.} 44. Kh2 (44. Nf8+ $2 Kg8 45. Nxe6+ Kf7 $19) 44... h4) 44. Kh2 $17 {and if d5 works, White does fine.} Nxd4 {Threatens to win with ...e5.} 45. Nf8+ Kg8 46. Nxe6+ Kf7 47. Nc7 {[#]} Nb5 $1 {[%mdl 512]} 48. Rc8 $1 (48. Nxb5 Kxe8) 48... Nd4 (48... Nc3 $17 49. Rd8 Re1) 49. Nd5 (49. Re8 $1 $11 {keeps the balance.}) 49... g5 50. Rc7+ Ke6 51. Ne3 Rf2 {Strongly threatening ...Re2.} 52. Rc4 ({White should play} 52. Ng4 $15 Re2 53. Nxh6) 52... Rd2 53. Rc3 f5 54. Nf1 Ra2 55. Rd3 Ra4 56. Nd2 f4 57. Nb3 {aiming for Nc5+.} Ke5 58. Nxd4 Rxd4 {KR-KR} 59. Ra3 Ke4 60. Ra8 Ke3 61. Kg1 Rd1+ 62. Kh2 Kf2 63. Ra2+ Kf1 64. Ra3 Rd2 65. Ra1+ Kf2 66. Ra3 h5 (66... Rd4 $17 {...h5 is the strong threat.} 67. Ra6 Rd2) 67. Rf3+ $1 $11 Ke2 {[#] White must now prevent ...Rd3.} 68. h4 $1 {[%mdl 512]} gxh4 1/2-1/2